Universe (Record no. 7034)

MARC details
000 -LEADER
fixed length control field 00427nam a2200169Ia 4500
003 - CONTROL NUMBER IDENTIFIER
control field GBCCL
005 - DATE AND TIME OF LATEST TRANSACTION
control field 20241126110617.0
008 - FIXED-LENGTH DATA ELEMENTS--GENERAL INFORMATION
fixed length control field 180706b ||||| |||| 00| 0 eng d
040 ## - CATALOGING SOURCE
Transcribing agency GBC
082 ## - DEWEY DECIMAL CLASSIFICATION NUMBER
Classification number 503
Item number AMA
245 ## - TITLE STATEMENT
Title Universe
260 ## - PUBLICATION, DISTRIBUTION, ETC.
Date of publication, distribution, etc. 2004.
Place of publication, distribution, etc. New Delhi:
Name of publisher, distributor, etc. Pentagon Press,
300 ## - PHYSICAL DESCRIPTION
Extent 32
440 ## - SERIES STATEMENT/ADDED ENTRY--TITLE
Title The Amazing Facts
9 (RLIN) 12468
650 ## - SUBJECT ADDED ENTRY--TOPICAL TERM
Topical term or geographic name entry element Curiosities and wonders
Form subdivision Juvenile literature
9 (RLIN) 12387
942 ## - ADDED ENTRY ELEMENTS (KOHA)
Source of classification or shelving scheme Dewey Decimal Classification
Koha item type Reference Books
Holdings
Withdrawn status Lost status Source of classification or shelving scheme Damaged status Not for loan Home library Current Library Shelving location Date acquired Total checkouts Full call number Barcode Date last seen Copy number Price effective from Koha item type
    Dewey Decimal Classification     GRACE BIBLE COLLEGE GRACE BIBLE COLLEGE Encyclopedia 2018-07-06   503 AMA 007562 2025-05-01 c.1 2018-07-06 Reference Books
© Grace Bible College Library 2025